000 00582nam a22002057a 4500
999 _c3753
_d3753
001 15415
003 BD-DhUAP
005 20200311145930.0
008 200311r20091996bg ||||| |||| 001 0 eng d
020 _a9846430078
040 _aBD-DhUAP
_bEng
_cBD-DhUAP
_dBD-DhUAP
082 _223
_a820 RAH
100 _aRahman, M. Mofizar.
245 _aAn ABC of English literature /
_cM. Mofizar Rahman.
260 _aDhaka :
_bFriend's book corner,
_cc1996 [Reprinted 2009].
300 _a106 pages ;
_c23 cm.
500 _aInclude index.
650 _aEnglish literature.
942 _2ddc
_cBK